Responses for show #8266 - Monday, October 26, 2020

Contestants

[<< previous game]

Jonathan Lee, a financial regulator from Sherman Oaks, California

Ariel Saland, a wine tasting room host from Sonoma, California

Brian Adams, an educator from Big Bear Lake, California (whose 1-day cash winnings total $17,201)

[next game >>]

Jeopardy! Round responses

WE ARE THE CHAMPIONS
IT'S HYPHENATED
BONES
A QUIET PLACE
HISTORIC LASTS
WORDS THAT ARE IN COMPREHENSIBLE
(Alex: Each correct response is made up of letters in the word "comprehensible".)
    $200 28
the Kentucky Derby

Jonathan
    $200 29
cold-blooded

Jonathan
    $200 14
(Ariel: What are the [**]?)(Alex: Nope.)
(Brian: [Responding after ringing in but not being called on] What is the...)
(Alex: Sorry, we are going to accept collar.)

the rib bones (the collarbones)

Ariel
    $200 30
a library

Jonathan
    $200 24
Iran

Brian
    $200 9
elope

Ariel
    $400 19
the Little League Championship

Brian
    $400 1
a honky-tonk

Triple Stumper
    $400 10
the femur

Brian
    $400 15
a monastery (abbey)

Brian
    $400 17
witchcraft

Brian
    $400 8
prose

Jonathan
    $600 21
Pete Sampras

Ariel
    $600 2
front-loading

Brian
    $600 11
the pelvis

Brian
    $600 26
decibels

Jonathan
    $600 18
Alcatraz

Jonathan
    $600 7
embers

Brian
    $800 20
Peyton Manning

Triple Stumper
    $800 3
hate-watching

Jonathan
    $800 12
the ulna

Jonathan
    $3,200 25
a submarine

Brian
    $800 22
kamikaze

Jonathan
    $800 6
sermon

Brian
    $1000 27
(Jonathan: What is Yokohama?)

yokozuna

Jonathan
Triple Stumper
    $1000 4
two-factor authentication

Jonathan
    $1000 13
the jaw

Brian
    $1000 16
Washington

Ariel
    $1000 23
Marseille

Brian
    $1000 5
resemble

Ariel

Scores at the first commercial break (after clue 15):

Brian Ariel Jonathan
$4,400 $1,400 $3,000

Scores at the end of the Jeopardy! Round:

Brian Ariel Jonathan
$9,600 $3,000 $4,600

Double Jeopardy! Round responses

COMPOSERS
AIRPLANE MODE
FILL IN THE ANIMAL MOVIE QUOTES
A 5-MARTINI LIBRARY
SOUNDS LIKE MONEY TO ME
ON ITS WESTERN BORDER
(Alex: What's on the western border of the place we name for you?)
    $400 15
pig

Brian
    $400 13
the Colorado River

Ariel
    $800 4
Verdi

Ariel
    $800 8
the B-52

Jonathan
    $800 1
[Alex reads the blank as "these".]

the Sharks

Ariel
    $800 5
(Jonathan: What is A Farewell to Arms?)
(Brian: What is, uh, For Whom the Bell Tolls?)

The Sun Also Rises

BrianJonathan
Triple Stumper
    $800 7
(Jonathan: What is monetary?)
(Brian: What is coin?)

cash

BrianJonathan
Triple Stumper
    $800 12
Algeria

Jonathan
    $1200 18
Brahms

Brian
    $4,000 23
(Alex: [After the wager] With less than a minute to go now.)

a Camel plane

Jonathan
    $1200 2
[Alex reads the blanks as "them".]

snakes

Brian
    $2,200 6
(Ariel: What is holy water?)

breakfast of champions

Ariel
    $1200 11
the Netherlands

Brian
    $1600 17
(Brian: [Before picking the next clue] I'm a music teacher.)

Gioachino Rossini

Triple Stumper
    $1600 25
(Jonathan: What is Kitty Hawk?)
...
[The end-of-round signal sounds.]

Dayton, Ohio

Jonathan
Triple Stumper
    $1600 14
(Jonathan: What's a dolphin?)

a fish

BrianJonathan
    $1600 21
Blithe Spirit

Brian
    $1600 16
when the chips are down

Triple Stumper
    $1600 10
the Indian Ocean

Jonathan
    $2000 19
Debussy

Jonathan
    $2000 24
(Jonathan: What is the rudder?)
(Brian: What is the airleon? Aileon? Airlon?)

aileron

BrianJonathan
Triple Stumper
    $2000 3
a water buffalo

Triple Stumper
    $2000 22
O. Henry

Jonathan
    $2000 20
(Jonathan: What are Ways and Means?)

Appropriations

Jonathan
Triple Stumper
    $2000 9
the Yukon

Jonathan

Scores at the end of the Double Jeopardy! Round:

Brian Ariel Jonathan
$13,200 $2,800 $9,000

[wagering suggestions for these scores]

Final Jeopardy! Round responses

ANCIENT TEXTS
ArielWhat is the?
$0
JonathanWhat is the Code of Hammurabi
$600
BrianWhat is Hamarabi's Code? [something crossed out]
$5,000
the Code of Hammurabi

Final scores:

Brian Ariel Jonathan
$18,200 $2,800 $9,600
2-day champion: $35,401 3rd place: $1,000 2nd place: $2,000

Game dynamics:

Coryat scores:

Brian Ariel Jonathan
$10,800 $5,000 $6,200
18 R
(including 1 DD),
3 W
8 R,
1 W
(including 1 DD)
17 R
(including 1 DD),
7 W

Combined Coryat: $22,000

The J! Archive is created by fans, for fans. The Jeopardy! game show and all elements thereof, including but not limited to copyright and trademark thereto, are the property of Jeopardy Productions, Inc. and are protected under law. This website is not affiliated with, sponsored by, or operated by Jeopardy Productions, Inc. Join the discussion at JBoard.tv.